[Event "HSG Open 2017"]
[Site "Hilversum"]
[Date "2017.06.25"]
[Round "6.3"]
[White "Beerdsen, Thomas"]
[Black "Van de Griendt, Jan Willem"]
[Result "1-0"]
[BlackElo "2360"]
[WhiteElo "2455"]
[LiveChessVersion "1.4.8"]

1. e4 {[%clk 1:50:17]} c5 {[%clk 1:39:53]} 2. Nf3 {[%clk 1:50:20]} e6
{[%clk 1:39:58]} 3. d4 {[%clk 1:49:17]} cxd4 {[%clk 1:40:03]} 4. Nxd4
{[%clk 1:49:23]} a6 {[%clk 1:39:51]} 5. Nc3 {[%clk 1:48:45]} Qc7 {[%clk 1:37:27]}
6. Bd3 {[%clk 1:48:14]} Nf6 {[%clk 1:32:07]} 7. O-O {[%clk 1:48:00]} d6
{[%clk 1:31:33]} 8. f4 {[%clk 1:45:47]} Be7 {[%clk 1:31:05]} 9. Kh1
{[%clk 1:44:45]} O-O {[%clk 1:27:06]} 10. Qe1 {[%clk 1:39:49]} Nbd7
{[%clk 1:26:11]} 11. b4 {[%clk 1:27:05]} Re8 {[%clk 1:21:59]} 12. Bb2
{[%clk 1:26:32]} Bf8 {[%clk 1:14:26]} 13. Qh4 {[%clk 1:22:51]} Qb6
{[%clk 1:04:31]} 14. e5 {[%clk 1:14:26]} Qxd4 {[%clk 0:47:14]} 15. Na4
{[%clk 1:03:18]} Qd5 {[%clk 0:38:25]} 16. Rad1 {[%clk 0:54:20]} Qc6
{[%clk 0:26:58]} 17. exf6 {[%clk 0:52:25]} g6 {[%clk 0:23:20]} 18. Rf3
{[%clk 0:50:29]} Qd5 {[%clk 0:12:49]} 19. Rh3 {[%clk 0:46:23]} Qh5
{[%clk 0:11:02]} 20. Qe1 {[%clk 0:46:27]} Qxh3 {[%clk 0:06:47]} 21. gxh3
{[%clk 0:46:32]} b5 {[%clk 0:06:46]} 22. Nc3 {[%clk 0:46:31]} Bb7+
{[%clk 0:06:36]} 23. Be4 {[%clk 0:45:40]} d5 {[%clk 0:06:41]} 24. Bg2
{[%clk 0:44:20]} Bxb4 {[%clk 0:06:25]} 25. a3 {[%clk 0:44:25]} Bf8
{[%clk 0:05:08]} 26. h4 {[%clk 0:44:28]} h5 {[%clk 0:04:19]} 27. Ne2
{[%clk 0:44:12]} Rac8 {[%clk 0:04:07]} 28. Rd2 {[%clk 0:44:17]} Nb6
{[%clk 0:04:00]} 29. Be5 {[%clk 0:39:00]} Nc4 {[%clk 0:03:53]} 30. Rd3
{[%clk 0:38:43]} Nxa3 {[%clk 0:02:48]} 31. Rg3 {[%clk 0:38:48]} Rxc2
{[%clk 0:02:34]} 32. Bf3 {[%clk 0:38:17]} Kh7 {[%clk 0:01:46]} 33. Nd4
{[%clk 0:36:16]} Rb2 {[%clk 0:01:43]} 34. Bxh5 {[%clk 0:35:37]} gxh5
{[%clk 0:00:25]} 35. Rxa3 {[%clk 0:34:07]} Bxa3 {[%clk 0:00:28]} 36. Qd1
{[%clk 0:34:12]} Kh6 {[%clk 0:00:13]} 37. f5 {[%clk 0:33:32]} exf5
{[%clk 0:00:13]} 38. Bf4+ {[%clk 0:33:24]} Kg6 {[%clk 0:00:14]} 39. Qg1+
{[%clk 0:33:31]} Kxf6 {[%clk 0:00:15]} 40. Qg5# {[%clk 0:33:37]} 1-0

[Event "HSG Open 2017"]
[Site "Hilversum"]
[Date "2017.06.25"]
[Round "6.4"]
[White "Brink, Barry"]
[Black "Overeem, Marc"]
[Result "1/2-1/2"]
[BlackElo "2212"]
[WhiteElo "2370"]
[LiveChessVersion "1.4.8"]

1. d4 {[%clk 1:50:10]} Nf6 {[%clk 1:50:10]} 2. c4 {[%clk 1:50:10]} e6
{[%clk 1:50:10]} 3. Nc3 {[%clk 1:50:10]} Bb4 {[%clk 1:50:10]} 4. e3
{[%clk 1:50:10]} c5 {[%clk 1:50:10]} 5. Bd3 {[%clk 1:50:10]} Nc6 {[%clk 1:50:10]}
6. Nf3 {[%clk 1:50:10]} Bxc3+ {[%clk 1:50:10]} 7. bxc3 {[%clk 1:50:10]} d6
{[%clk 1:50:10]} 8. e4 {[%clk 1:50:10]} e5 {[%clk 1:50:10]} 9. d5
{[%clk 1:50:10]} Ne7 {[%clk 1:50:11]} 10. O-O {[%clk 1:50:07]} h6
{[%clk 1:48:46]} 11. Ne1 {[%clk 1:46:23]} g5 {[%clk 1:47:03]} 12. Rb1
{[%clk 1:45:42]} b6 {[%clk 1:43:59]} 13. Nc2 {[%clk 1:43:50]} Bg4
{[%clk 1:40:56]} 14. f3 {[%clk 1:43:42]} Bd7 {[%clk 1:40:56]} 15. Ne3
{[%clk 1:42:41]} Nh5 {[%clk 1:32:04]} 16. g3 {[%clk 1:42:03]} Ng7
{[%clk 1:27:53]} 17. Qc2 {[%clk 1:38:28]} Qc8 {[%clk 1:20:13]} 18. Bd2
{[%clk 1:34:13]} Rb8 {[%clk 1:15:18]} 19. Kh1 {[%clk 1:31:48]} O-O
{[%clk 1:11:34]} 20. f4 {[%clk 1:15:23]} f6 {[%clk 1:09:54]} 21. fxe5
{[%clk 1:09:11]} dxe5 {[%clk 1:05:52]} 22. Rf2 {[%clk 0:58:09]} Ne8
{[%clk 1:04:23]} 23. h4 {[%clk 0:58:00]} Nd6 {[%clk 1:03:08]} 24. Rbf1
{[%clk 0:56:19]} Kg7 {[%clk 1:00:01]} 25. Bc1 {[%clk 0:51:23]} Qe8
{[%clk 0:57:14]} 26. Rh2 {[%clk 0:49:43]} a6 {[%clk 0:52:11]} 27. Qe2
{[%clk 0:49:26]} b5 {[%clk 0:50:51]} 28. cxb5 {[%clk 0:47:21]} axb5
{[%clk 0:50:35]} 29. Rhf2 {[%clk 0:35:17]} Bh3 {[%clk 0:48:46]} 30. Rg1
{[%clk 0:35:14]} Bd7 {[%clk 0:48:42]} 31. Kh2 {[%clk 0:33:05]} Qg6
{[%clk 0:43:32]} 32. h5 {[%clk 0:29:08]} Qe8 {[%clk 0:42:17]} 33. Rgf1
{[%clk 0:27:46]} Ra8 {[%clk 0:40:28]} 34. Kg2 {[%clk 0:25:02]} Ra4
{[%clk 0:36:50]} 35. c4 {[%clk 0:24:28]} b4 {[%clk 0:31:48]} 36. Bb1
{[%clk 0:22:16]} Qc8 {[%clk 0:30:25]} 37. Kh2 {[%clk 0:21:39]} Bh3
{[%clk 0:29:46]} 38. Re1 {[%clk 0:20:55]} Bd7 {[%clk 0:29:49]} 39. Bb2
{[%clk 0:20:38]} Ng8 {[%clk 0:28:11]} 40. g4 {[%clk 0:11:01]} Qd8
{[%clk 0:26:09]} 41. Ref1 {[%clk 0:10:53]} Qe7 {[%clk 0:25:59]} 42. Qf3
{[%clk 0:09:24]} Rfa8 {[%clk 0:24:50]} 43. Rc1 {[%clk 0:07:48]} Bc8
{[%clk 0:24:02]} 44. Kh3 {[%clk 0:05:31]} Bd7 {[%clk 0:23:53]} 45. Kh2
{[%clk 0:05:28]} Bc8 {[%clk 0:23:57]} 46. Kh3 {[%clk 0:04:58]} Bd7
{[%clk 0:24:01]} 1/2-1/2

[Event "HSG Open 2017"]
[Site "Hilversum"]
[Date "2017.06.25"]
[Round "6.5"]
[White "Schoehuijs, Erik"]
[Black "Pruijssers, Roeland"]
[Result "0-1"]
[BlackElo "2502"]
[WhiteElo "2115"]
[LiveChessVersion "1.4.8"]

1. d4 {[%clk 1:50:17]} f5 {[%clk 1:46:13]} 2. g3 {[%clk 1:50:21]} Nf6
{[%clk 1:46:20]} 3. Bg2 {[%clk 1:50:25]} g6 {[%clk 1:46:26]} 4. Nf3
{[%clk 1:50:27]} Bg7 {[%clk 1:46:33]} 5. O-O {[%clk 1:50:28]} O-O
{[%clk 1:46:38]} 6. c4 {[%clk 1:50:35]} d6 {[%clk 1:46:41]} 7. Nc3
{[%clk 1:50:40]} c6 {[%clk 1:46:48]} 8. Rb1 {[%clk 1:49:57]} Qe8 {[%clk 1:46:40]}
9. b3 {[%clk 1:42:11]} Na6 {[%clk 1:41:29]} 10. d5 {[%clk 1:29:07]} Bd7
{[%clk 1:39:52]} 11. Be3 {[%clk 1:26:47]} Nc7 {[%clk 1:31:56]} 12. Qd2
{[%clk 1:22:19]} Ng4 {[%clk 1:30:59]} 13. Bf4 {[%clk 1:20:58]} Rc8
{[%clk 1:23:39]} 14. Rbc1 {[%clk 1:16:58]} c5 {[%clk 1:11:35]} 15. Rfe1
{[%clk 1:12:02]} h6 {[%clk 1:10:23]} 16. h3 {[%clk 1:07:10]} g5 {[%clk 1:08:47]}
17. Bxg5 {[%clk 1:03:45]} hxg5 {[%clk 1:08:23]} 18. hxg4 {[%clk 1:03:47]} fxg4
{[%clk 1:07:38]} 19. Nxg5 {[%clk 0:57:09]} Qh5 {[%clk 1:07:41]} 20. Nge4
{[%clk 0:53:33]} Bf5 {[%clk 1:01:40]} 21. e3 {[%clk 0:52:46]} Qg6
{[%clk 1:00:51]} 22. Rcd1 {[%clk 0:44:36]} Rf7 {[%clk 0:58:12]} 23. Rc1
{[%clk 0:34:58]} Rcf8 {[%clk 0:56:48]} 24. Re2 {[%clk 0:31:26]} Be5
{[%clk 0:50:00]} 25. Qe1 {[%clk 0:22:59]} Qh5 {[%clk 0:47:38]} 26. Rd2
{[%clk 0:22:27]} Rh7 {[%clk 0:35:20]} 27. Ne2 {[%clk 0:21:20]} Qh2+
{[%clk 0:35:13]} 28. Kf1 {[%clk 0:21:26]} Qxg2+ {[%clk 0:34:40]} 29. Kxg2
{[%clk 0:21:21]} Bxe4+ {[%clk 0:34:45]} 30. Kf1 {[%clk 0:20:35]} Rh2
{[%clk 0:27:49]} 31. Ng1 {[%clk 0:20:04]} Bxg3 {[%clk 0:27:41]} 32. f4
{[%clk 0:16:06]} Bxe1 {[%clk 0:26:39]} 33. Rxh2 {[%clk 0:16:12]} g3
{[%clk 0:25:25]} 34. Rh5 {[%clk 0:16:15]} Bd2 {[%clk 0:24:42]} 35. Rg5+
{[%clk 0:16:12]} Kf7 {[%clk 0:24:23]} 36. Rd1 {[%clk 0:16:02]} Bxe3
{[%clk 0:24:09]} 37. Rxg3 {[%clk 0:16:02]} Bxf4 {[%clk 0:24:04]} 38. Rg4
{[%clk 0:15:17]} Ke8 {[%clk 0:24:06]} 39. Ke2 {[%clk 0:15:16]} Bc2
{[%clk 0:22:55]} 40. Rf1 {[%clk 0:12:56]} Be5 {[%clk 0:22:52]} 41. Nf3
{[%clk 0:13:01]} Bf6 {[%clk 0:22:43]} 42. Rh1 {[%clk 0:12:31]} Kd7
{[%clk 0:19:05]} 43. Rh5 {[%clk 0:10:13]} b5 {[%clk 0:18:11]} 44. Kd2
{[%clk 0:10:02]} Bb1 {[%clk 0:18:03]} 45. a3 {[%clk 0:08:33]} bxc4
{[%clk 0:17:32]} 46. bxc4 {[%clk 0:08:28]} Rb8 0-1

[Event "HSG Open 2017"]
[Site "Hilversum"]
[Date "2017.06.25"]
[Round "6.6"]
[White "Galje, Hans"]
[Black "Witt, Rob"]
[Result "1/2-1/2"]
[BlackElo "2152"]
[WhiteElo "2102"]
[LiveChessVersion "1.4.8"]

1. d4 {[%clk 1:50:19]} Nf6 {[%clk 1:48:45]} 2. c4 e6 {[%clk 1:48:08]} 3. Nc3
{[%clk 1:50:21]} Bb4 {[%clk 1:48:09]} 4. e3 {[%clk 1:50:23]} O-O {[%clk 1:47:37]}
5. Nge2 {[%clk 1:50:08]} d5 {[%clk 1:46:59]} 6. a3 {[%clk 1:50:08]} Bd6
{[%clk 1:46:38]} 7. Ng3 {[%clk 1:46:42]} b6 {[%clk 1:41:20]} 8. cxd5
{[%clk 1:42:57]} exd5 {[%clk 1:41:20]} 9. Bd3 {[%clk 1:42:41]} Re8
{[%clk 1:40:11]} 10. O-O {[%clk 1:42:10]} c6 {[%clk 1:39:50]} 11. Qc2
{[%clk 1:28:44]} g6 {[%clk 1:32:29]} 12. f3 {[%clk 1:22:45]} Bf8 {[%clk 1:26:41]}
13. b4 {[%clk 1:14:25]} Bb7 {[%clk 1:24:11]} 14. Qf2 {[%clk 1:12:54]} Qd7
{[%clk 1:15:23]} 15. h3 {[%clk 1:08:03]} Rd8 {[%clk 1:04:19]} 16. Bb2
{[%clk 1:04:20]} Bg7 {[%clk 1:02:11]} 17. Nce2 {[%clk 0:59:37]} Ne8
{[%clk 0:57:48]} 18. Rab1 {[%clk 0:50:07]} a5 {[%clk 0:49:31]} 19. e4 Ba6
{[%clk 0:47:27]} 20. Bxa6 {[%clk 0:33:50]} Rxa6 21. e5 {[%clk 0:33:24]} axb4
{[%clk 0:46:56]} 22. axb4 {[%clk 0:33:28]} f5 {[%clk 0:41:58]} 23. Nf4
{[%clk 0:29:33]} Nc7 {[%clk 0:41:35]} 24. Nge2 {[%clk 0:28:18]} Qe7
{[%clk 0:40:31]} 25. Nd3 {[%clk 0:27:19]} Nb5 {[%clk 0:39:04]} 26. Ra1
{[%clk 0:25:09]} Rd7 {[%clk 0:38:40]} 27. Nc3 {[%clk 0:22:10]} Rda7
{[%clk 0:36:21]} 28. Nxb5 {[%clk 0:20:28]} cxb5 {[%clk 0:36:06]} 29. Nf4
{[%clk 0:15:38]} Rxa1 {[%clk 0:35:26]} 30. Rxa1 {[%clk 0:14:37]} Rxa1+
{[%clk 0:35:20]} 31. Bxa1 {[%clk 0:14:44]} Qd7 {[%clk 0:35:13]} 32. Qc2
{[%clk 0:13:03]} Nc6 {[%clk 0:34:37]} 33. Qb3 {[%clk 0:12:25]} Ne7
{[%clk 0:34:36]} 34. Qc3 {[%clk 0:11:20]} Bh6 {[%clk 0:34:02]} 35. Ne2
{[%clk 0:10:49]} Qc6 {[%clk 0:31:18]} 1/2-1/2

[Event "HSG Open 2017"]
[Site "Hilversum"]
[Date "2017.06.25"]
[Round "6.7"]
[White "Wunnink, Michael"]
[Black "De Boer, Bas"]
[Result "1-0"]
[BlackElo "2081"]
[WhiteElo "2205"]
[LiveChessVersion "1.4.8"]

1. d4 {[%clk 1:50:14]} d5 {[%clk 1:50:16]} 2. c4 {[%clk 1:50:07]} c6
{[%clk 1:50:22]} 3. Nc3 {[%clk 1:49:14]} Nf6 {[%clk 1:50:01]} 4. Nf3
{[%clk 1:49:01]} e6 {[%clk 1:50:04]} 5. e3 {[%clk 1:48:19]} Nbd7 {[%clk 1:50:02]}
6. Qc2 {[%clk 1:46:00]} Bd6 {[%clk 1:50:02]} 7. b3 {[%clk 1:45:11]} O-O
{[%clk 1:48:55]} 8. Bb2 {[%clk 1:43:52]} b6 {[%clk 1:48:45]} 9. Be2
{[%clk 1:34:50]} Bb7 {[%clk 1:48:17]} 10. O-O {[%clk 1:33:28]} Rc8
{[%clk 1:47:56]} 11. e4 {[%clk 1:29:13]} dxe4 {[%clk 1:47:02]} 12. Nxe4
{[%clk 1:26:08]} Nxe4 {[%clk 1:43:13]} 13. Qxe4 {[%clk 1:24:25]} Nf6
{[%clk 1:43:05]} 14. Qh4 {[%clk 1:23:15]} Qe7 {[%clk 1:41:01]} 15. Bd3
{[%clk 1:16:00]} h6 {[%clk 1:38:22]} 16. Rae1 {[%clk 1:13:37]} Rfd8
{[%clk 1:31:30]} 17. Re3 {[%clk 1:11:21]} Nd7 {[%clk 1:28:20]} 18. Qh3
{[%clk 1:07:43]} Nf6 {[%clk 1:26:15]} 19. Ne5 {[%clk 1:01:40]} Rc7
{[%clk 1:20:17]} 20. Rg3 {[%clk 0:56:13]} Kh8 {[%clk 1:18:32]} 21. f4
{[%clk 0:52:11]} c5 {[%clk 1:18:06]} 22. d5 {[%clk 0:48:54]} exd5
{[%clk 1:15:10]} 23. Rxg7 {[%clk 0:43:25]} Kxg7 {[%clk 1:13:35]} 24. Ng4
{[%clk 0:43:21]} Rh8 {[%clk 1:11:47]} 25. Bxf6+ {[%clk 0:38:59]} Qxf6
{[%clk 1:11:49]} 26. Nxf6 {[%clk 0:39:06]} Kxf6 {[%clk 1:11:53]} 27. Qf5+
{[%clk 0:38:44]} Kg7 {[%clk 1:09:22]} 28. Rf3 {[%clk 0:37:35]} 1-0

[Event "HSG Open 2017"]
[Site "Hilversum"]
[Date "2017.06.25"]
[Round "6.8"]
[White "Helm, Patrick"]
[Black "Van der Poel, Henk"]
[Result "1/2-1/2"]
[BlackElo "2207"]
[WhiteElo "2111"]
[LiveChessVersion "1.4.8"]

1. d4 {[%clk 1:46:36]} Nf6 {[%clk 1:50:03]} 2. c4 {[%clk 1:46:33]} e6
{[%clk 1:49:58]} 3. Nc3 {[%clk 1:46:33]} Bb4 {[%clk 1:49:40]} 4. e3
{[%clk 1:46:28]} b6 {[%clk 1:45:38]} 5. Bd3 {[%clk 1:46:15]} Bb7 {[%clk 1:45:40]}
6. Nf3 {[%clk 1:46:19]} O-O {[%clk 1:45:42]} 7. O-O {[%clk 1:46:22]} d5
{[%clk 1:45:47]} 8. cxd5 {[%clk 1:40:42]} exd5 {[%clk 1:45:43]} 9. Bd2
{[%clk 1:40:30]} Bd6 {[%clk 1:44:20]} 10. Rc1 {[%clk 1:39:24]} Re8
{[%clk 1:39:21]} 11. Nb5 {[%clk 1:38:20]} Ne4 {[%clk 1:37:39]} 12. Be1
{[%clk 1:35:10]} c5 {[%clk 1:26:22]} 13. Nxd6 {[%clk 1:33:48]} Qxd6
{[%clk 1:23:55]} 14. Ne5 {[%clk 1:32:37]} Nc6 {[%clk 1:15:34]} 15. Nxc6
{[%clk 1:26:05]} Bxc6 {[%clk 1:11:38]} 16. f3 {[%clk 1:25:49]} Nf6
{[%clk 1:11:25]} 17. Qd2 {[%clk 1:14:14]} c4 {[%clk 1:04:49]} 18. Bb1
{[%clk 1:12:03]} a5 {[%clk 1:04:05]} 19. g4 {[%clk 1:11:57]} Ra7 {[%clk 0:53:42]}
20. Bg3 {[%clk 1:07:23]} Qb4 {[%clk 0:49:21]} 21. Rc3 {[%clk 1:03:48]} b5
{[%clk 0:45:35]} 22. Qg2 {[%clk 1:02:48]} Qe7 {[%clk 0:39:26]} 23. Bf4
{[%clk 0:54:05]} Nd7 {[%clk 0:37:13]} 24. Re1 {[%clk 0:48:03]} b4
{[%clk 0:31:19]} 25. Rcc1 {[%clk 0:47:34]} a4 {[%clk 0:29:56]} 26. Qg3
{[%clk 0:42:40]} Nf8 {[%clk 0:24:04]} 27. Bd6 {[%clk 0:42:09]} Qb7
{[%clk 0:24:13]} 28. a3 {[%clk 0:41:52]} bxa3 {[%clk 0:22:28]} 29. Bxa3
{[%clk 0:41:54]} Ra5 {[%clk 0:19:10]} 30. Bc2 {[%clk 0:35:35]} Ra6
{[%clk 0:18:39]} 31. h4 {[%clk 0:33:35]} Rb6 {[%clk 0:16:56]} 32. Rb1
{[%clk 0:33:18]} Bd7 {[%clk 0:14:23]} 33. Qf2 {[%clk 0:27:16]} Ne6
{[%clk 0:12:51]} 34. Ra1 {[%clk 0:24:17]} Rc8 35. Rec1 {[%clk 0:20:47]} g6
{[%clk 0:11:45]} 36. Bd1 {[%clk 0:19:44]} Ng7 {[%clk 0:10:55]} 37. Ra2
{[%clk 0:19:40]} h5 {[%clk 0:08:59]} 38. Bc5 {[%clk 0:18:46]} Ra6
{[%clk 0:08:42]} 39. Qg3 {[%clk 0:14:10]} Re8 {[%clk 0:08:18]} 40. Rc3
{[%clk 0:13:18]} Rae6 {[%clk 0:07:37]} 41. Kf2 {[%clk 0:12:40]} Ra6
{[%clk 0:07:08]} 42. Bc2 {[%clk 0:10:26]} 1/2-1/2

[Event "HSG Open 2017"]
[Site "Hilversum"]
[Date "2017.06.25"]
[Round "6.9"]
[White "Becx, Cesar"]
[Black "Jacobs, Florian"]
[Result "0-1"]
[BlackElo "2270"]
[WhiteElo "2078"]
[LiveChessVersion "1.4.8"]

1. f4 {[%clk 1:50:17]} d5 {[%clk 1:44:01]} 2. Nf3 {[%clk 1:50:23]} g6
{[%clk 1:43:53]} 3. g3 {[%clk 1:50:26]} Bg7 {[%clk 1:43:58]} 4. Bg2
{[%clk 1:50:31]} Nf6 {[%clk 1:43:59]} 5. O-O {[%clk 1:50:35]} O-O
{[%clk 1:44:06]} 6. d3 {[%clk 1:50:41]} c5 {[%clk 1:44:08]} 7. c3
{[%clk 1:50:42]} Nc6 {[%clk 1:44:14]} 8. Na3 {[%clk 1:50:48]} d4 {[%clk 1:43:59]}
9. e4 {[%clk 1:48:54]} dxe3 {[%clk 1:41:46]} 10. Bxe3 {[%clk 1:47:28]} Bf5
{[%clk 1:41:19]} 11. Bxc5 {[%clk 1:42:56]} Bxd3 {[%clk 1:40:46]} 12. Re1
{[%clk 1:36:48]} Be4 {[%clk 1:40:44]} 13. Ne5 {[%clk 1:14:38]} Qa5
{[%clk 1:30:17]} 14. Nxc6 {[%clk 1:05:20]} Qxc5+ {[%clk 1:22:52]} 15. Nd4
{[%clk 1:05:13]} Bxg2 {[%clk 1:22:56]} 16. Kxg2 {[%clk 1:05:16]} Nd5
{[%clk 1:21:39]} 17. Nac2 {[%clk 1:02:04]} e6 {[%clk 1:17:58]} 18. Qf3
{[%clk 1:01:17]} b5 {[%clk 1:17:10]} 19. Rad1 {[%clk 0:52:16]} Rad8
{[%clk 1:08:50]} 20. Qe2 {[%clk 0:44:12]} b4 {[%clk 1:03:18]} 21. cxb4
{[%clk 0:36:58]} Nxb4 {[%clk 1:03:17]} 22. Nxb4 {[%clk 0:32:15]} Rxd4
{[%clk 1:02:40]} 23. Rxd4 {[%clk 0:31:08]} Qxd4 {[%clk 1:02:36]} 24. Qb5
{[%clk 0:25:31]} Qxb2+ {[%clk 0:59:52]} 25. Re2 {[%clk 0:25:37]} Qb1
{[%clk 0:59:27]} 26. a4 {[%clk 0:24:29]} Bd4 {[%clk 0:57:54]} 27. Nc6
{[%clk 0:23:08]} Qg1+ {[%clk 0:56:48]} 28. Kh3 {[%clk 0:23:17]} Bf6
{[%clk 0:51:30]} 29. Rc2 {[%clk 0:17:38]} h5 {[%clk 0:47:33]} 30. Qe2
{[%clk 0:17:04]} h4 {[%clk 0:43:49]} 31. gxh4 {[%clk 0:09:17]} Kg7
{[%clk 0:40:26]} 32. Ne5 {[%clk 0:08:50]} Rh8 {[%clk 0:36:57]} 33. Nf3
{[%clk 0:08:24]} Qb1 {[%clk 0:36:59]} 34. Rc7 {[%clk 0:06:50]} Qb6
{[%clk 0:31:27]} 35. Rd7 {[%clk 0:04:01]} Qb3 {[%clk 0:27:27]} 36. Kg2
{[%clk 0:03:20]} Rc8 {[%clk 0:22:23]} 37. Nd2 {[%clk 0:02:22]} Qb6
{[%clk 0:17:04]} 38. Ne4 {[%clk 0:01:28]} Bxh4 {[%clk 0:15:24]} 39. Qf3
{[%clk 0:00:41]} Qb2+ {[%clk 0:14:28]} 40. Kh3 {[%clk 0:00:17]} Rh8
{[%clk 0:14:07]} 41. Kg4 Qxh2 42. Rxf7+ Kxf7 43. Ng5+ Bxg5 44. fxg5+ Ke7 45. Qf6+
Kd6 0-1

[Event "HSG Open 2017"]
[Site "Hilversum"]
[Date "2017.06.25"]
[Round "6.10"]
[White "Hoekstra, Peter"]
[Black "Ephraim, Olaf"]
[Result "1/2-1/2"]
[BlackElo "2009"]
[WhiteElo "2109"]
[LiveChessVersion "1.4.8"]

1. e4 {[%clk 1:48:20]} c5 {[%clk 1:50:09]} 2. Nc3 {[%clk 1:48:18]} Nc6
{[%clk 1:49:28]} 3. f4 {[%clk 1:47:47]} g6 {[%clk 1:49:04]} 4. Nf3
{[%clk 1:47:53]} Bg7 {[%clk 1:49:09]} 5. Bb5 {[%clk 1:47:52]} d6 {[%clk 1:48:06]}
6. O-O {[%clk 1:46:03]} Bd7 {[%clk 1:46:05]} 7. d3 {[%clk 1:40:39]} Nd4
{[%clk 1:38:53]} 8. Bxd7+ {[%clk 1:38:20]} Qxd7 {[%clk 1:37:52]} 9. Nxd4
{[%clk 1:38:20]} cxd4 {[%clk 1:34:13]} 10. Ne2 {[%clk 1:37:40]} Rc8
{[%clk 1:32:19]} 11. Ng3 {[%clk 1:37:38]} Nf6 {[%clk 1:23:40]} 12. f5
{[%clk 1:25:56]} O-O {[%clk 1:15:52]} 1/2-1/2

[Event "HSG Open 2017"]
[Site "Hilversum"]
[Date "2017.06.25"]
[Round "6.11"]
[White "De Boer, Eelke"]
[Black "Wagenvoorde, Guido"]
[Result "1-0"]
[BlackElo "1992"]
[WhiteElo "2130"]
[LiveChessVersion "1.4.8"]

1. e4 {[%clk 1:50:17]} c5 {[%clk 1:43:44]} 2. Nf3 {[%clk 1:50:17]} e6
{[%clk 1:43:44]} 3. d4 {[%clk 1:50:22]} cxd4 {[%clk 1:43:47]} 4. Nxd4
{[%clk 1:50:26]} a6 {[%clk 1:43:34]} 5. Bd3 {[%clk 1:50:30]} Qc7 {[%clk 1:43:23]}
6. O-O {[%clk 1:50:23]} Nf6 {[%clk 1:42:27]} 7. Nc3 {[%clk 1:50:13]} Nc6
{[%clk 1:41:11]} 8. Be3 {[%clk 1:48:59]} Ne5 {[%clk 1:41:08]} 9. h3
{[%clk 1:45:47]} Bc5 {[%clk 1:40:48]} 10. Kh1 {[%clk 1:44:33]} d6
{[%clk 1:39:04]} 11. Qe2 {[%clk 1:40:15]} O-O {[%clk 1:38:45]} 12. f4
{[%clk 1:40:15]} Ng6 {[%clk 1:37:07]} 13. Nb3 {[%clk 1:35:51]} Bxe3
{[%clk 1:22:22]} 14. Qxe3 {[%clk 1:35:52]} b5 {[%clk 1:21:23]} 15. Ne2
{[%clk 1:30:00]} Bb7 {[%clk 1:18:53]} 16. c3 {[%clk 1:29:09]} Rfe8
{[%clk 1:09:59]} 17. a4 {[%clk 1:25:36]} bxa4 {[%clk 1:00:31]} 18. Rxa4
{[%clk 1:25:38]} Bc6 {[%clk 0:58:54]} 19. Ra3 {[%clk 1:21:49]} Bb5
{[%clk 0:51:41]} 20. Rfa1 {[%clk 1:19:07]} Bxd3 {[%clk 0:48:16]} 21. Qxd3
{[%clk 1:19:05]} Qb7 {[%clk 0:44:43]} 22. Nd2 {[%clk 1:03:36]} e5
{[%clk 0:28:22]} 23. f5 {[%clk 0:57:03]} Nf4 {[%clk 0:27:09]} 24. Nxf4
{[%clk 0:48:56]} exf4 {[%clk 0:27:17]} 25. Ra4 {[%clk 0:48:15]} Nh5
{[%clk 0:21:46]} 26. Kh2 {[%clk 0:40:03]} Ng3 {[%clk 0:19:56]} 27. Qf3
{[%clk 0:36:00]} Qxb2 {[%clk 0:15:10]} 28. Qxf4 {[%clk 0:35:04]} Qxc3
{[%clk 0:09:41]} 29. R1a3 {[%clk 0:20:55]} Qxd2 {[%clk 0:09:16]} 30. Qxg3
{[%clk 0:19:55]} a5 {[%clk 0:06:04]} 31. Rd3 {[%clk 0:14:21]} Qb2
{[%clk 0:04:15]} 32. Rxd6 {[%clk 0:13:39]} Qe5 {[%clk 0:03:45]} 33. Rd5
{[%clk 0:12:58]} Qxg3+ {[%clk 0:03:50]} 34. Kxg3 {[%clk 0:13:03]} f6
{[%clk 0:02:56]} 35. Kf4 {[%clk 0:12:57]} Rac8 {[%clk 0:02:49]} 36. Rdxa5
{[%clk 0:11:30]} Rc1 {[%clk 0:02:49]} 37. Ra1 {[%clk 0:10:41]} Rc2
{[%clk 0:02:53]} 38. R5a2 {[%clk 0:10:40]} Rec8 {[%clk 0:02:47]} 39. Rxc2 Rxc2
40. Ra8+ {[%clk 0:07:06]} Kf7 {[%clk 0:02:18]} 41. Ra7+ {[%clk 0:06:52]} Kf8
{[%clk 0:02:27]} 42. g3 {[%clk 0:06:26]} Rc5 {[%clk 0:02:31]} 43. h4
{[%clk 0:06:19]} Rc4 {[%clk 0:01:46]} 44. g4 {[%clk 0:05:31]} h6 {[%clk 0:01:42]}
45. Ra6 {[%clk 0:05:10]} Rb4 {[%clk 0:01:29]} 46. Re6 {[%clk 0:05:13]} Rb1
{[%clk 0:00:57]} 47. Rc6 {[%clk 0:04:06]} Rb4 {[%clk 0:00:51]} 48. Rc3
{[%clk 0:03:53]} Ra4 {[%clk 0:00:47]} 49. Re3 {[%clk 0:03:57]} Kf7
{[%clk 0:00:27]} 50. g5 {[%clk 0:03:38]} hxg5+ {[%clk 0:00:27]} 51. hxg5
{[%clk 0:03:47]} fxg5+ {[%clk 0:00:33]} 52. Kxg5 {[%clk 0:03:55]} Ra1
{[%clk 0:00:38]} 53. Rb3 {[%clk 0:03:20]} Ra7 {[%clk 0:00:40]} 54. e5
{[%clk 0:03:02]} Ra1 {[%clk 0:00:46]} 55. e6+ {[%clk 0:02:58]} Ke7
{[%clk 0:00:40]} 56. Rg3 {[%clk 0:02:32]} Ra7 {[%clk 0:00:27]} 57. Kg6
{[%clk 0:02:35]} Kf8 {[%clk 0:00:34]} 58. Rd3 {[%clk 0:02:13]} Ra1
{[%clk 0:00:25]} 59. Rd8+ {[%clk 0:02:18]} Ke7 {[%clk 0:00:34]} 60. Rd7+
{[%clk 0:02:27]} Ke8 {[%clk 0:00:43]} 61. Kxg7 {[%clk 0:02:25]} Rg1+
{[%clk 0:00:51]} 62. Kf6 {[%clk 0:02:33]} Rh1 {[%clk 0:00:45]} 63. Ra7
{[%clk 0:02:21]} Rh6+ {[%clk 0:00:40]} 64. Ke5 {[%clk 0:02:24]} Rh5
{[%clk 0:00:40]} 65. Kd6 {[%clk 0:02:20]} 1-0